ANGLO-INDIAN FOOD & CUSTOMS (Record no. 242868)

MARC details
000 -LEADER
fixed length control field 00405pam a2200169 a 4500
020 ## - INTERNATIONAL STANDARD BOOK NUMBER
International Standard Book Number 0-14-027137-6
Terms of availability
041 ## - LANGUAGE CODE
Language code of original
082 ## - DEWEY DECIMAL CLASSIFICATION NUMBER
Classification number 641.5
100 ## - MAIN ENTRY--PERSONAL NAME
Personal name PATRICIA BROWN
Relator term Author
245 ## - TITLE STATEMENT
Title ANGLO-INDIAN FOOD & CUSTOMS
Statement of responsibility, etc. PATRICIA BROWN
Medium Textual Documents
250 ## - EDITION STATEMENT
Edition statement 1st
260 ## - PUBLICATION, DISTRIBUTION, ETC.
Place of publication, distribution, etc. New Delhi
Name of publisher, distributor, etc. Penguin Book
300 ## - PHYSICAL DESCRIPTION
Extent 414
653 ## - INDEX TERM--UNCONTROLLED
Uncontrolled term food production
700 ## - ADDED ENTRY--PERSONAL NAME
Relator term Co-Author
930 ## - EQUIVALENCE OR CROSS-REFERENCE-UNIFORM TITLE HEADING [LOCAL, CANADA]
Uniform title 240

No items available.